Countries With The Most McDonalds Per Capita - Statistics

General Stats
  • This quiz has been taken 16 times
  • The average score is 6 of 10
Answer Stats
Hint Answer % Correct
36.29 Canada
100%
39.78 United States
93%
37.36 Australia
80%
32.61 New Zealand
73%
27.31 Singapore
60%
26.82 Qatar
53%
23.40 Israel
47%
25.60 Monaco
47%
26.44 Liechtenstein
40%
64.96 Andorra
33%
No matching quizzes found
Score Distribution
Percent of People with Each Score
Percentile by Number Answered
Your Score History
You have not taken this quiz